000
00219 a2200097 4500
001
17592
100
_a
Harger R O
245
_a
Synthetic aperture radar systems
260
_a
_b
Academic Press
_c
090
_c
12984
_d
12984
942
_a
NUST-CAE
_c
M
_c
3318
999
_c
252665
_d
252665